[Event "CZE-chT1W 1112"]
[Site "Czech Republic"]
[Date "2011.10.30"]
[Round "2.7"]
[White "Vanek, Petr"]
[Black "Cuhra, Martin"]
[Result "0-1"]
[WhiteElo "2205"]
[BlackElo "2169"]
[PlyCount "100"]
[EventDate "2011.10.02"]
[EventType "team-tourn"]
[EventRounds "11"]
[EventCountry "CZE"]
[SourceTitle "EXT 2012"]
[Source "ChessBase"]
[SourceDate "2011.11.24"]
[SourceVersion "1"]
[SourceVersionDate "2011.11.24"]
[SourceQuality "1"]
[WhiteTeam "Vysehrad"]
[BlackTeam "Praha Oaza"]
[WhiteTeamCountry "CZE"]
[BlackTeamCountry "CZE"]

1. e4 c5 2. Nc3 Nc6 3. f4 g6 4. Nf3 Bg7 5. Bb5 Nd4 6. Nxd4 cxd4 7. Ne2 e6 8. 0-0 Qb6 9. Bd3 f5 10. exf5 gxf5 11. Ng3 h5 12. Nxh5 Rh7 13. Nxg7+ Rxg7 14. Qh5+ Kf8 15. Rf3 Nf6 16. Qh8+ Kf7 17. Rh3 Qc6 18. Bf1 b6 19. Qh4 Bb7 20. Qf2 Rag8 21. Rg3 Rxg3 22. hxg3 Ne4 23. Qf3 Nxg3 24. Qxc6 Bxc6 25. b3 Nxf1 26. Kxf1 Rxg2 27. d3 Rxc2 28. Ba3 Rh2 29. Rc1 Rxa2 30. Bd6 Rd2 31. Be5 Rxd3 32. Ke2 Rxb3 33. Rg1 Re3+ 34. Kd2 Rxe5 35. fxe5 a5 36. Kd3 d6 37. Kxd4 dxe5+ 38. Kxe5 b5 39. Rb1 a4 40. Kd6 Be8 41. Rc1 Kf6 42. Rc8 Bf7 43. Kc5 e5 44. Kxb5 a3 45. Ra8 a2 46. Kc5 Kg5 47. Kd6 Kf4 48. Ra5 e4 49. Ke7 e3 50. Ra4+ Kg5 0-1

[Event "CZE-chT1W 1011"]
[Site "Czech Republic"]
[Date "2011.02.27"]
[Round "9.4"]
[White "Vanek, Petr"]
[Black "Petrova, Kristyna"]
[Result "0-1"]
[WhiteElo "2169"]
[BlackElo "2318"]
[PlyCount "108"]
[EventDate "2010.10.10"]
[EventType "team-tourn"]
[EventRounds "11"]
[EventCountry "CZE"]
[SourceTitle "EXT 2012"]
[Source "ChessBase"]
[SourceDate "2011.11.24"]
[SourceVersion "1"]
[SourceVersionDate "2011.11.24"]
[SourceQuality "1"]
[WhiteTeam "Praha Vysehrad"]
[BlackTeam "Kozolupy"]
[WhiteTeamCountry "CZE"]
[BlackTeamCountry "CZE"]

1. e4 c5 2. Nc3 Nc6 3. g3 g6 4. Bg2 Bg7 5. d3 d6 6. Nge2 e6 7. 0-0 Rb8 8. Be3 Nd4 9. Qd2 b5 10. Nd1 Nxe2+ 11. Qxe2 b4 12. Qd2 Qb6 13. Rb1 Ba6 14. c4 bxc3 15. Nxc3 Ne7 16. b4 Qc7 17. bxc5 0-0 18. Na4 Bb5 19. cxd6 Qxd6 20. Nc5 Bd4 21. Rfc1 Rfc8 22. e5 Bxe5 23. d4 Bg7 24. Nb7 Rxc1+ 25. Qxc1 Qd7 26. Qc5 Bc6 27. Qxa7 Rc8 28. Qb6 Bxg2 29. Kxg2 Qd5+ 30. Kg1 Nf5 31. Qb3 Nxe3 32. fxe3 Bxd4 33. Qxd5 Bxe3+ 34. Kf1 exd5 35. Ke2 d4 36. Rb2 Bc1 37. Rb1 Be3 38. Rb2 Bg1 39. Nd6 Rd8 40. Ne4 f5 41. Nd2 Bxh2 42. Kf3 Bg1 43. Nc4 Rc8 44. Nd6 Rd8 45. Nc4 Rc8 46. Nd6 Rc3+ 47. Kf4 d3 48. Rb8+ Kg7 49. Rb7+ Kf8 50. Ke5 d2 51. Rb8+ Kg7 52. Rb7+ Kh6 53. g4 Bd4+ 54. Kf4 Rf3+ 0-1

[Event "CZE-chT1W 1011"]
[Site "Czech Republic"]
[Date "2011.02.13"]
[Round "8.6"]
[White "Srba, Milan"]
[Black "Vanek, Petr"]
[Result "1/2-1/2"]
[WhiteElo "2180"]
[BlackElo "2169"]
[PlyCount "56"]
[EventDate "2010.10.10"]
[EventType "team-tourn"]
[EventRounds "11"]
[EventCountry "CZE"]
[SourceTitle "EXT 2012"]
[Source "ChessBase"]
[SourceDate "2011.11.24"]
[SourceVersion "1"]
[SourceVersionDate "2011.11.24"]
[SourceQuality "1"]
[WhiteTeam "Praha Vrsovice"]
[BlackTeam "Praha Vysehrad"]
[WhiteTeamCountry "CZE"]
[BlackTeamCountry "CZE"]

1. e4 e6 2. d4 d5 3. exd5 exd5 4. c4 Nc6 5. Nc3 dxc4 6. Nf3 Nf6 7. Bxc4 Be7 8. h3 0-0 9. Be3 Nb4 10. g4 Nfd5 11. a3 Nxc3 12. bxc3 Nd5 13. Qd2 Be6 14. Bd3 Re8 15. c4 Nxe3 16. fxe3 Qd6 17. Kf2 c6 18. e4 Rad8 19. e5 Qc7 20. g5 b5 21. Qc2 Bxc4 22. Bxc4 bxc4 23. Qxc4 Qd7 24. Rhg1 Qd5 25. Qxd5 cxd5 26. Rgc1 Rc8 27. Ke3 Kf8 28. a4 a5 1/2-1/2